| 000 | 01498cam a22001934a 4500 | ||
|---|---|---|---|
| 005 | 20250605164230.0 | ||
| 008 | 250528s ||||||||||||||||||||||||d | ||
| 035 | _a20954 | ||
| 020 | _a9789601427461 | ||
| 040 |
_aGR-AtMCL _bgre _dGR-AtMCL _eAACR2 |
||
| 245 | 1 | _aLean Startup - Λιτή Επιχειρηματική Εκκίνηση / Πώς οι σημερινοί Επιχειρηματίες Χρησιμοποιούν Καινοτομίες για τη Δημιουργία Επιτυχημένων Επιχειρήσεων | |
| 260 |
_bΛιβάνης, _c2013 |
||
| 300 | _a384 | ||
| 520 | _aΑυτό το βιβλίο επιχειρεί να βάλει την επιχειρηματική δραστηριότητα και την καινοτομία σε αυστηρό βηματισμό. Εισαγωγή, Όραμα, Αρχή, Ορισμός, Μάθηση, Πείραμα, Σύστημα Διεύθυνσης, Πώς το Οραμα Οδηγεί στο Σύστημα Διεύθυνσης, Άλμα, Δοκιμή, Αποτίμηση, Αλλαγή Κατεύθυνσης (ή Επιμονή), Επιτάχυνση, Βάλτε Μπρος τις Μηχανές, Παρτίδα, Μεγέθυνση, Προσαρμογή, Καινοτομία, Επίλογος: Μη Χαραμίζεσαι, Μπες στο Κίνημα, Σημειώσεις, Γνωστοποιήσεις, Ευχαριστίες. | ||
| 700 | 1 |
_aΡις Έρικ _96946 |
|
| 942 | _cBK | ||
| 999 |
_c6031 _d6031 |
||